On the wings of destiny an autobiography / (Record no. 41570)

MARC details
000 -LEADER
fixed length control field 00705nam a22002057a 4500
005 - DATE AND TIME OF LATEST TRANSACTION
control field 2010081301231.0
010 ## - LCCN (DPL NO)
LC control number ENG-100051
020 ## - INTERNATIONAL STANDARD BOOK NUMBER
International Standard Book Number 9789380502267
Terms of availability 595.00
035 ## - SYSTEM CONTROL NUMBER
System control number EN-83583
037 ## - SOURCE OF ACQUISITION
Source of stock number/acquisition DBAD/PUB
082 ## - DEWEY DECIMAL CLASSIFICATION NUMBER
Classification number 921
100 ## - MAIN ENTRY--PERSONAL NAME
Personal name Dilbagh, Singh
245 ## - TITLE STATEMENT
Title On the wings of destiny an autobiography /
Statement of responsibility, etc by Dilbagh, Singh
260 ## - PUBLICATION, DISTRIBUTION, ETC. (IMPRINT)
Place of publication, distribution, etc New Delhi
Name of publisher, distributor, etc KW Publishers
Date of publication, distribution, etc 2010
270 ## - ADDRESS
Address 4672/21, First Floor, Ansari Road, Darya Ganj
City New Delhi
Postal code 110002
300 ## - PHYSICAL DESCRIPTION
Extent xi,215p.
Dimensions 24cm (pbk)
Accompanying material photos
650 ## - SUBJECT ADDED ENTRY--TOPICAL TERM
Topical term or geographic name as entry element Biography
942 ## - ADDED ENTRY ELEMENTS (KOHA)
Source of classification or shelving scheme Dewey Decimal Classification
Item type English Books
Classification part 921
Call number suffix DIL
Holdings
Withdrawn status Lost status Not for loan Collection code Home library Current library Date acquired Source of acquisition Cost, normal purchase price Full call number Barcode Copy number Cost, replacement price Koha item type
    Not For Loan Non-fiction D.B.Act.Division D.B.Act.Division 13/08/2010 DBAD/PUB 595.00 921 DIL EN-83583 1 595.00 English Books

© Delhi Public Library
Hit Counter
free hit counter